000
00314nam a2200133Ia 4500
008
240624s9999 xx 000 0 und d
041
_a
eng
082
_a
823 CON
100
_a
CONRAD JOSEPH
245
_a
LORD JIM
260
_c
2002
_a
New Delhi
_b
Wordsworth
300
_a
xxiv, : 273 : p. : cm. ; 19
365
_c
RS
999
_c
28717
_d
28717